000 00921cam a2200289 a 4500
001 58293
003 CO-BoRNBP
005 20250821143136.0
007 ta
008 210721s2021 ck a gr 000 j spa
020 _a9789585974531
040 _aCO-BoBN
_bspa
_cCO-BoBN
082 0 4 _aM863.5
_223
100 1 _aLome, Emilio
_962846
245 1 3 _aLa vaca que se creía mariposa /
_cEmilio Lome ; ilustraciones de Alex Herrerías
250 _a1a ed.
300 _a29 p. :
_bil. col. ;
_c25 cm
336 _2rdacontent
_atexto
_btxt
337 _2rdamedia
_asin mediación
_bn
338 _2rdacarrier
_avolumen
_bnc
650 1 4 _aCuentos infantiles mexicanos
_ySiglo XXI
_2LEMB
650 2 4 _aAnimales
_vCuentos
_2LEMB
_9745
650 2 4 _aAutorrealización (Psicología)
_vCuentos
_2LEMB
_962847
700 1 _aHerrerías, Alex,
_d1981-,
_eilustrador
_962603
942 _2ddc
_cBK
990 _a2021-6251
_bAvión de Papel S.A.S.
999 _c58293
_d58293